| 000 | 00731nam a2200241Ia 4500 | ||
|---|---|---|---|
| 005 | 20250425162744.0 | ||
| 008 | 250425s9999 xx 000 0 und d | ||
| 020 | _a096682380X | ||
| 041 | _aeng | ||
| 082 | _a658.4 | ||
| 100 | _aRUSSELL, GARDER H. | ||
| 245 | 0 | _aTHE EFFECTIVE ENTREPRENEUR AND HOW TO MAKE BAD GUYS FINISH LAST DEVELOP ATTRIBUTES - CREATE AND GROW THE NEW VENTURE - MINIMIZE CAPITAL NEEDS - MAKE BAD GUYS FINISH LAST | |
| 250 | _aS.E. | ||
| 260 |
_aEstados Unidos _bADVANTAGE PUBLISHING _c1999 |
||
| 260 | _aFLORIDA CITY | ||
| 300 | _a211 | ||
| 650 | _aEMPRENDIMIENTO | ||
| 650 | _aEMPRESAS COMERCIALES | ||
| 650 | _aNEGOCIOS | ||
| 710 | _aADVANTAGE PUBLISHING | ||
| 942 | _c01 | ||
| 010 | _a105771 | ||
| 999 |
_c235781 _d235781 |
||